00316nam a2200121Ia 4500008004100000041000800041082001500049100001600064245004000080260003500120300003200155365000700187240624s9999 xx 000 0 und d aeng a302.35 TYS aTYSON SHAUN aESSENCE OF ORGANIZATIONAL BEHAVIOUR c2003aNew DelhibPrentice-Hall aviii, : 232 : p. : cm. ; 23 cRS